[Event "12th KIIT International 2019"]
[Site "Odisha"]
[Date "2019.06.04"]
[Round "7.2"]
[White "Manik, Mikulas"]
[Black "Iturrizaga Bonelli, Eduardo"]
[Result "0-1"]
[WhiteElo "2399"]
[BlackElo "2637"]
[Annotator "TA"]
[PlyCount "92"]
[EventDate "2019.05.31"]
[EventType "swiss"]
[EventCountry "IND"]
[SourceTitle "playchess.com"]
[Source "ChessBase"]
[SourceQuality "1"]

{[%evp 19,92,8,18,-11,-10,-19,-4,-14,0,0,0,-2,0,0,0,12,0,0,0,-20,-14,-22,-20,-33,-27,-27,-18,-35,-2,-409,-410,-408,-408,-320,-406,-400,-403,-454,-454,-459,-456,-453,-391,-510,-508,-493,-484,-484,-477,-582,-577,-684,-684,-611,-477,-491,-470,-470,-470,-470,-470,-470,-466,-454,-439,-470,-470,-470,-452,-452,-452,-437,-437,-429,-422]} 1. e4 c6 2. d4 d5 3. exd5 cxd5 4. c4 Nf6 5. Nc3 e6 6. Nf3 Bb4 7. cxd5 Nxd5 8. Qc2 Nc6 9. Bd3 h6 10. O-O O-O 11. Nxd5 {B14: Caro-Kann: Panov-Botvinnik Attack with 5...e6 and 5...g6} exd5 12. Bf4 Be6 13. h3 $146 {The position is equal.} ({Predecessor:} 13. Rac1 Qf6 14. Be5 Nxe5 15. dxe5 Qe7 16. Bh7+ Kh8 17. Bf5 Rac8 18. Qd3 Bc5 {½-½ (43) Jobava,B (2669)-Matsenko,S (2534) Izmir 2016}) 13... Ba5 14. Rad1 Rc8 {[#] Threatens to win with ...Nxd4!} 15. Qb3 Qf6 16. Bg3 Bb6 17. Bb1 Rfe8 18. Rfe1 g6 {[%cal Rc6d4]} 19. Re3 Nxd4 20. Nxd4 Bxd4 21. Rf3 Qg7 22. Qxb7 Bb6 23. Kh2 Qxb2 24. Bxg6 $2 {[%mdl 8192]} (24. Re1 $1 $11 Qg7 25. Be5) 24... fxg6 $19 25. Rxd5 Qg7 26. Qxg7+ Kxg7 27. Rd2 Bf5 28. Bh4 h5 29. Bg5 Rc4 30. Rb2 h4 31. Rf4 Bc7 {[%mdl 64] [#] Pin. Black is clearly winning.} 32. Rb7 Kg8 33. Rxc7 Rxc7 34. Rxh4 Rc2 35. g4 Be4 36. Be3 Re7 37. Bd4 Rh7 38. Rxh7 Kxh7 39. Bxa7 Rxa2 40. Be3 Kg7 41. Kg3 Kf6 42. h4 Ra5 43. Kf4 Bc6 44. Bd4+ Ke6 45. Be3 Ra4+ 46. Kg3 Be8 {Accuracy: White = 41%, Black = 82%.} 0-1

[Event "12th KIIT International 2019"]
[Site "Odisha"]
[Date "2019.06.04"]
[Round "7.3"]
[White "Turov, Maxim"]
[Black "Siva Mahadevan"]
[Result "1-0"]
[WhiteElo "2579"]
[BlackElo "2298"]
[Annotator "ChessBase"]
[PlyCount "119"]
[EventDate "2019.05.31"]
[EventType "swiss"]
[EventCountry "IND"]
[SourceTitle "playchess.com"]
[Source "ChessBase"]
[SourceQuality "1"]
[TimeControl "5400+30"]

1. d4 {[%emt 0:00:00]} Nf6 {[%emt 0:00:00]} 2. Nf3 {[%emt 0:00:00]} g6 {[%emt 0:00:00]} 3. g3 {[%emt 0:00:00]} Bg7 {[%emt 0:00:00]} 4. Bg2 {[%emt 0:00:00]} O-O {[%emt 0:00:00]} 5. O-O {[%emt 0:00:00]} d6 {[%emt 0:00:07]} 6. b3 {[%emt 0:00:34]} e5 {[%emt 0:06:47]} 7. dxe5 {[%emt 0:01:25]} Nfd7 {[%emt 0:03:31]} 8. Bb2 {[%emt 0:12:44]} Nc6 {[%emt 0:01:37]} 9. Qc1 {[%emt 0:05:23]} Ndxe5 {[%emt 0:21:05]} 10. Nxe5 {[%emt 0:02:38]} Nxe5 {[%emt 0:00:14]} 11. c4 {[%emt 0:00:28]} f5 {[%emt 0:06:02]} 12. Nc3 {[%emt 0:01:32]} c6 {[%emt 0:02:47]} 13. Qd2 {[%emt 0:00:56]} Be6 {[%emt 0:02:44]} 14. Rfd1 {[%emt 0:02:09]} Re8 {[%emt 0:05:28]} 15. e3 {[%emt 0:03:57]} Qc7 {[%emt 0:11:27]} 16. Ne2 {[%emt 0:10:14]} Rad8 {[%emt 0:07:08]} 17. Rac1 {[%emt 0:01:50]} Qf7 {[%emt 0:03:05]} 18. Bd4 {[%emt 0:04:05]} a6 {[%emt 0:01:02]} 19. h3 {[%emt 0:05:35]} g5 {[%emt 0:10:10]} 20. f4 {[%emt 0:00:46]} gxf4 {[%emt 0:03:35]} 21. exf4 {[%emt 0:00:24]} Ng6 {[%emt 0:00:54]} 22. Bxg7 {[%emt 0:00:41]} Qxg7 {[%emt 0:00:06]} 23. Qd4 {[%emt 0:00:38]} Qf7 {[%emt 0:02:36]} 24. Nc3 {[%emt 0:05:03]} Nf8 {[%emt 0:05:56]} 25. Rd3 {[%emt 0:02:26]} Bc8 {[%emt 0:00:22]} 26. Rcd1 {[%emt 0:01:05]} Re6 {[%emt 0:01:11]} 27. Qf2 {[%emt 0:02:59]} Qg7 {[%emt 0:02:30]} 28. Ne2 {[%emt 0:01:38]} Rde8 {[%emt 0:00:59]} 29. Bf3 {[%emt 0:00:35]} Qh6 {[%emt 0:02:00]} 30. Nd4 {[%emt 0:01:00]} Rg6 {[%emt 0:00:26]} 31. Bg2 {[%emt 0:00:07]} Re7 {[%emt 0:01:06]} 32. Kh2 {[%emt 0:00:58]} Rf6 {[%emt 0:00:29]} 33. Nf3 {[%emt 0:02:02]} Rfe6 {[%emt 0:00:27]} 34. R1d2 {[%emt 0:00:39]} Nd7 {[%emt 0:00:33]} 35. Nh4 {[%emt 0:07:56]} Nf6 {[%emt 0:00:31]} 36. Qa7 {[%emt 0:00:55]} Qh5 {[%emt 0:00:32]} 37. Rxd6 {[%emt 0:01:11]} Ne4 {[%emt 0:00:25]} 38. Rxe6 {[%emt 0:00:52]} Bxe6 {[%emt 0:00:18]} 39. Rd8+ {[%emt 0:00:49]} Kf7 {[%emt 0:00:14]} 40. Qd4 {[%emt 0:00:51]} Nf6 {[%emt 0:00:55]} 41. Nf3 {[%emt 0:00:27]} Kg7 {[%emt 0:00:36]} 42. Qd6 {[%emt 0:01:13]} Re8 {[%emt 0:00:14]} 43. Rxe8 {[%emt 0:01:25]} Qxe8 {[%emt 0:00:02]} 44. Ne5 {[%emt 0:00:11]} Bc8 {[%emt 0:00:40]} 45. Bf3 {[%emt 0:02:02]} Nd7 {[%emt 0:00:42]} 46. Kg2 {[%emt 0:02:16]} Nxe5 {[%emt 0:00:35]} 47. fxe5 {[%emt 0:00:04]} Qd7 {[%emt 0:00:28]} 48. Qxd7+ {[%emt 0:02:01]} Bxd7 {[%emt 0:00:01]} 49. Kf2 {[%emt 0:00:08]} Kf7 {[%emt 0:00:05]} 50. Ke3 {[%emt 0:00:03]} Ke6 {[%emt 0:00:08]} 51. Kf4 {[%emt 0:00:09]} Be8 {[%emt 0:00:15]} 52. Be2 {[%emt 0:00:39]} c5 {[%emt 0:01:14]} 53. Bd3 {[%emt 0:02:09]} h6 {[%emt 0:00:54]} 54. Bxf5+ {[%emt 0:00:13]} Ke7 {[%emt 0:00:04]} 55. g4 {[%emt 0:01:16]} b5 {[%emt 0:00:17]} 56. g5 {[%emt 0:00:38]} hxg5+ {[%emt 0:00:12]} 57. Kxg5 {[%emt 0:00:06]} bxc4 {[%emt 0:00:06]} 58. bxc4 {[%emt 0:00:05]} Bf7 {[%emt 0:00:05]} 59. e6 {[%emt 0:00:15]} Be8 {[%emt 0:01:37]} 60. h4 {[%emt 0:00:05]} 1-0

[Event "12th KIIT International 2019"]
[Site "Odisha"]
[Date "2019.06.04"]
[Round "7.4"]
[White "Koustav Chatterjee"]
[Black "Neverov, Valeriy"]
[Result "1/2-1/2"]
[WhiteElo "2404"]
[BlackElo "2495"]
[Annotator "TA"]
[PlyCount "64"]
[EventDate "2019.05.31"]
[EventType "swiss"]
[EventCountry "IND"]
[SourceTitle "playchess.com"]
[Source "ChessBase"]
[SourceQuality "1"]

{[%evp 25,64,3,14,16,37,36,20,16,16,14,19,8,7,-2,14,14,14,13,14,0,0,0,0,-2,0,-15,-16,-26,0,-4,0,0,-6,-1,-7,-6,0,-4,0,0,4]} 1. d4 Nf6 2. c4 g6 3. g3 Bg7 4. Bg2 O-O 5. Nc3 Nc6 6. Nf3 d5 7. cxd5 Nxd5 8. O-O Nb6 9. e3 e5 10. dxe5 Nxe5 11. Nxe5 Bxe5 12. Qc2 c6 13. e4 Be6 14. Bh6 {White wants to play Rfd1. D76: Fianchetto Grünfeld: Main Line with 7...Nb6} (14. Rd1 Qe7 15. b3 Bg4 16. Re1 Rfd8 17. Bb2 Qd6 18. h3 Qd2 19. Rac1 Be6 20. Red1 Qxc2 21. Rxc2 Rxd1+ 22. Nxd1 Bxb2 23. Rxb2 {0-1 (51) Fudalej,M (2209)-Plat,V (2567) Katowice 2017}) 14... Bg7 15. Bxg7 Kxg7 16. Rfe1 Qe7 17. b3 $146 ({Predecessor:} 17. Rad1 Rad8 18. b3 Qc5 19. Qb2 f6 {0-1 (44) Sedlacek,P (2210)-Konopka,M (2425) Slovakia 1994}) 17... Rad8 18. Qb2 {[#] Hoping for Nd5+.} Kg8 19. Ne2 f6 20. Qc3 Nd7 21. Rad1 Qc5 22. Qxc5 Nxc5 23. Nd4 Bf7 24. f3 Rd6 {[#] Strongly threatening ...Rfd8.} 25. Nc2 Rfd8 26. Ne3 Rd2 27. Bf1 {The position is equal.} Kf8 28. Rxd2 Rxd2 29. Re2 $1 {[%cal Re2d2]} Rxe2 30. Bxe2 Ke7 31. Kf2 b6 32. Nc2 Nb7 {Accuracy: White = 60%, Black = 75%.} 1/2-1/2

[Event "12th KIIT International 2019"]
[Site "Odisha"]
[Date "2019.06.04"]
[Round "7.5"]
[White "Viani Antonio Dcunha"]
[Black "Kostenko, Petr"]
[Result "1/2-1/2"]
[WhiteElo "2362"]
[BlackElo "2473"]
[Annotator "TA"]
[PlyCount "84"]
[EventDate "2019.05.31"]
[EventType "swiss"]
[EventCountry "IND"]
[SourceTitle "playchess.com"]
[Source "ChessBase"]
[SourceQuality "1"]

{[%evp 16,84,13,13,50,-8,18,25,20,10,17,18,13,24,74,85,80,72,81,59,83,58,103,69,135,128,134,122,138,138,132,97,155,66,70,64,43,60,50,2,52,54,54,54,54,52,51,54,52,58,51,28,63,14,15,22,43,17,472,106,626,32,64,0,160,0,114,12,442,-50,489]} 1. e4 e6 2. d3 d5 3. Nd2 Nf6 4. Ngf3 g6 5. g3 Bg7 6. Bg2 O-O 7. O-O c5 8. Re1 Nc6 9. c3 Kh8 {A08: King's Indian Attack} 10. Qe2 (10. exd5 $14 exd5 11. Nb3) 10... a5 $146 ({Predecessor:} 10... b6 11. Nf1 c4 12. dxc4 Ba6 13. exd5 exd5 14. Bf4 dxc4 15. Rad1 Qc8 16. Ne5 Nxe5 17. Bxe5 {½-½ (50) Movsesian,S (2721)-Rublevsky,S (2678) Warsaw 2010}) 11. Nf1 a4 {White has an edge.} 12. e5 {Hoping for Bg5.} Nd7 13. Bf4 a3 14. b3 f6 15. exf6 Bxf6 16. Rac1 e5 17. Bh6 $36 {[%mdl 2048] White has the initiative.} Re8 18. c4 dxc4 19. dxc4 ({Much weaker is} 19. bxc4 $6 Nb4 $14) 19... Nb6 (19... Bg7 $14 20. Qd2 Qe7) 20. Rcd1 Qe7 21. Ne3 Nd4 22. Nxd4 $1 exd4 {[#]} 23. Qf3 $1 Qf7 ({Don't go for} 23... dxe3 $2 24. Rxe3 Be6 {[#]} 25. Rd6 $1 $18 {[%mdl 512]}) (23... Nd7 $142) 24. Bg5 ({White should play} 24. Ng4 $16 Bxg4 25. Qxg4) 24... Rf8 $1 $14 25. Bxf6+ Qxf6 26. Qxf6+ Rxf6 27. Nc2 Bg4 28. Rd2 Rf7 29. h3 Bf5 30. g4 Bxc2 $1 31. Rxc2 Rd8 32. Rce2 Kg7 33. Re7 Rd7 34. R7e6 Nc8 35. Kf1 b6 36. Rc6 Rfe7 $2 {[%mdl 8192]} (36... Rf8 $11 {and Black stays safe.}) 37. Bd5 $2 (37. Rxc8 $18 {is the precise move to win.} d3 38. Ra8) 37... Rf7 $2 {[%mdl 8192]} (37... Rd8 $16) 38. Rce6 $2 (38. Bxf7 $18 Ne7 39. Be6 Nxc6 40. Bxd7) 38... Rfe7 39. f4 (39. h4 $14) 39... Kf8 $2 ({Black should try} 39... Rf7 $11) 40. Kf2 $2 ({Better is} 40. Rf6+ $16 Kg7 41. Rxe7+ Rxe7 42. Rc6) 40... Nd6 (40... Rxe6 $11 41. Rxe6 (41. Bxe6 Rd8 $11) 41... Rd6) 41. Bc6 (41. Rf6+ $16 Ke8 42. Re5) 41... Rf7 $2 {[%mdl 8192]} (41... Rxe6 $11 {and Black is okay.} 42. Rxe6 Rd8) 42. Kf1 $2 ({White has to play} 42. Bxd7 $18 Rxd7 43. Ke2) 42... Kg8 $2 {[%mdl 40960] Accuracy: White = 33%, Black = 21%. . An unexpected result.} (42... Rxf4+ $15 {keeps the upper hand.} 43. Kg2 Rd8) 1/2-1/2

[Event "12th KIIT International 2019"]
[Site "Odisha"]
[Date "2019.06.04"]
[Round "7.6"]
[White "Shyaamnikhil P"]
[Black "Konguvel, Ponnuswamy"]
[Result "1/2-1/2"]
[WhiteElo "2434"]
[BlackElo "2293"]
[Annotator "TA"]
[PlyCount "50"]
[EventDate "2019.05.31"]
[EventType "swiss"]
[EventCountry "IND"]
[SourceTitle "playchess.com"]
[Source "ChessBase"]
[SourceQuality "1"]

{[%evp 14,50,0,0,0,0,10,-9,-2,-4,0,0,0,0,-3,-14,-12,-32,10,0,27,21,22,10,13,13,13,13,13,12,13,13,10,12,19,14,13,11,14]} 1. b3 c5 2. Bb2 Nc6 3. Nf3 Nf6 4. g3 d5 5. Bg2 e6 6. O-O Be7 7. d4 O-O 8. e3 b6 {D02: 1 d4 d5 2 Nf3 sidelines, including 2...Nf6 3 g3 and 2...Nf6 3 Bf4} (8... cxd4 9. Nxd4 Bd7 10. Nd2 Rc8 11. c4 Nxd4 12. Bxd4 Bc6 13. Rc1 dxc4 14. Rxc4 Bxg2 15. Kxg2 b5 16. Rxc8 Qxc8 17. Bxf6 Bxf6 {1-0 (34) Vachier Lagrave,M (2779)-Dominguez Perez,L (2739) chess.com INT 2018}) 9. Nbd2 Bb7 10. Ne5 cxd4 11. Nxc6 Bxc6 12. Bxd4 $146 ({Predecessor:} 12. exd4 Rc8 13. c4 {1-0 (34) Valchev,S-Vasilev,L Sofia 2009}) 12... Rc8 13. c4 dxc4 {[#] ...Bxg2 is the strong threat.} 14. Nxc4 Bxg2 15. Kxg2 Bc5 (15... b5 $5 {[%cal Rb5c4]} 16. Ne5 Qd5+ 17. f3 Bc5 $11) 16. Bb2 Be7 17. Qf3 Qd5 {The position is equal.} 18. Rfd1 Qxf3+ 19. Kxf3 Rfd8 20. Rxd8+ Rxd8 21. Rc1 Rc8 22. Ne5 Rxc1 23. Bxc1 Bd6 24. Nc6 a6 25. e4 {[#] Black must now prevent e5.} Nd7 {Accuracy: White = 73%, Black = 65%.} 1/2-1/2

[Event "12th KIIT International 2019"]
[Site "Odisha"]
[Date "2019.06.04"]
[Round "7.7"]
[White "Mohammad Fahad, Rahman"]
[Black "Petrosyan, Manuel"]
[Result "1/2-1/2"]
[WhiteElo "2305"]
[BlackElo "2573"]
[Annotator "TA"]
[PlyCount "50"]
[EventDate "2019.05.31"]
[EventType "swiss"]
[EventCountry "IND"]
[SourceTitle "playchess.com"]
[Source "ChessBase"]
[SourceQuality "1"]

{[%evp 23,50,15,11,0,0,2,6,0,6,11,12,9,14,12,10,0,10,12,23,24,24,18,23,18,27,26,36,4,7]} 1. e4 e5 2. Nf3 Nc6 3. Bb5 a6 4. Ba4 Nf6 5. O-O Nxe4 6. d4 b5 7. Bb3 d5 8. dxe5 Be6 9. Be3 Be7 10. c3 O-O 11. Nbd2 Bg4 12. Nxe4 dxe4 13. Bd5 {C83: Open Ruy Lopez: 9 c3 Be7} (13. Qd5 Qxd5 14. Bxd5 exf3 15. Bxc6 fxg2 16. Rfc1 Rab8 17. a4 b4 18. cxb4 Rxb4 19. Bxg2 c5 20. Bxc5 Bxc5 21. Rxc5 Rxb2 {½-½ (37) Karjakin,S (2773)-Anand,V (2768) Saint Louis 2018}) 13... Nxe5 14. Bxe4 {[#] Hoping for Qxd8.} Bd6 $146 ({Predecessor:} 14... Nxf3+ 15. Bxf3 Qxd1 16. Bxd1 Bxd1 17. Rfxd1 Rfd8 18. Rxd8+ Rxd8 19. Kf1 Kf8 20. Ke2 Ke8 {0-1 (46) Zwaig,A-Gheorghiu,F Vrnjacka Banja 1963}) 15. Bf4 Nxf3+ 16. Bxf3 Bxf4 17. Bxg4 Bd6 18. Bf3 Rb8 19. Qd4 b4 20. Rad1 bxc3 21. Qxc3 Qh4 {[%csl Gd6][%cal Rh4h2] [#]} 22. g3 Qb4 23. Qxb4 Rxb4 24. b3 a5 {[%cal Ba6a5,Ba5a4][%mdl 32]} 25. Rfe1 a4 1/2-1/2

[Event "12th KIIT International 2019"]
[Site "Odisha"]
[Date "2019.06.04"]
[Round "7.8"]
[White "Debashis, Das"]
[Black "Pranav Vijay"]
[Result "1/2-1/2"]
[WhiteElo "2544"]
[BlackElo "2265"]
[Annotator "TA"]
[PlyCount "206"]
[EventDate "2019.05.31"]
[EventType "swiss"]
[EventCountry "IND"]
[SourceTitle "playchess.com"]
[Source "ChessBase"]
[SourceQuality "1"]

{[%evp 21,206,49,54,48,51,40,44,39,87,49,38,29,30,27,27,47,61,37,55,29,36,0,43,52,47,0,58,54,49,11,20,0,27,8,58,44,40,53,49,48,157,160,186,171,121,159,163,125,147,135,145,167,136,141,118,105,128,105,319,304,287,271,304,198,190,193,263,203,237,168,168,171,160,146,310,281,300,300,286,291,293,0,170,0,270,174,160,14,14,17,15,8,13,0,91,91,64,62,69,62,163,162,193,167,166,141,108,127,131,106,124,8,8,8,8,8,8,8,8,8,8,8,8,8,18,18,18,18,18,18,18,18,18,18,18,18,24,24,24,24,24,24,24,18,24,24,24,24,24,24,24,24,24,24,24,24,24,24,24,24,24,18,24,0,24,18,18,18,20,18,18,18,18,18,18,18,18,18,18,16,16,16,16,16,16,0,0]} 1. Nf3 Nf6 2. c4 e6 3. Nc3 b6 4. g3 Bb7 5. Bg2 c5 6. O-O Be7 7. Re1 O-O 8. e4 d6 9. d4 cxd4 10. Nxd4 Qc8 11. Be3 Nbd7 12. b3 {A30: Symmetrical English: Double Fianchetto and Hedgehog} a6 (12... Re8 13. Rc1 Bf8 14. f3 a6 15. Qd2 Qc7 16. Bf2 Rac8 17. Nde2 h6 18. Red1 Qb8 19. g4 b5 20. cxb5 axb5 21. Nxb5 {½-½ (67) Xu,X (2532)-Solodovnichenko,Y (2587) Konya 2017}) 13. Rc1 Qc7 14. f4 {White is slightly better.} Rfe8 15. Bf2 Bf8 16. h3 g6 $146 ({Predecessor:} 16... Rad8 17. Re3 Qb8 18. Nde2 d5 19. cxd5 Bc5 {0-1 (41) Danek,V (1970)-Kopta,P (2292) Klatovy 2013}) 17. Nf3 Rad8 18. Qe2 h6 19. Kh2 Bg7 20. Qc2 Qb8 21. Qe2 Qa8 22. Nd2 Bc6 23. Nf3 Nh7 (23... Bb7 $11) 24. Bg1 Rc8 25. Nd4 Bb7 26. Qd2 Qb8 27. Rcd1 Qc7 28. Ndb5 $36 {[%mdl 2048] White has the initiative.} axb5 29. Nxb5 {[%mdl 64] Double Attack} Qb8 $1 30. Nxd6 {[%mdl 64] Double Attack} Ndf8 (30... Rc7 $14) 31. Qb4 $16 ({Much less strong is} 31. Bxb6 e5 $16) 31... Red8 32. Nxc8 Rxc8 33. Qxb6 Qa8 34. a4 e5 35. Qa7 exf4 36. gxf4 Ne6 37. Qxa8 Bxa8 38. e5 Bxg2 39. Kxg2 {Threatens to win with Be3.} Rb8 $2 (39... Nxf4+ $16 40. Kf3 Nxh3) 40. Be3 $18 Bf8 41. Rd3 Bc5 42. Bd2 Bb4 43. Rb1 Nhf8 (43... Nc5 {keeps fighting.} 44. Rd5 Bxd2) 44. Be3 Ng7 45. Kf3 Nfe6 46. Rd5 {Rb5 is the strong threat.} Nf5 47. Bf2 Kg7 $2 (47... Nc7 $16) 48. Rbd1 {Strongly threatening Rb5.} Bc5 49. Bxc5 ({Don't take} 49. Rxc5 Rxb3+ 50. Ke4 Ng3+ 51. Kd5 Ne2 $18) 49... Rxb3+ 50. Kf2 Rb2+ 51. Kf3 (51. R1d2 $142 Rxd2+ 52. Rxd2 Nxc5 53. Ra2) 51... Rb3+ {[#]} 52. Kf2 (52. Ke2 $142 $1) 52... Rb2+ $1 53. Ke1 Ra2 54. Bb6 (54. Rc1 $16) 54... Nxf4 $11 {( -> ...Re2+)} 55. R5d2 Rxa4 56. Rc1 {With the idea c5.} Ra3 $1 57. Kd1 Rxh3 (57... Nd3 $11) 58. Kc2 $16 Ne6 59. Kb2 Ne7 60. Bd8 Nxd8 (60... Nc6 $1 $14 61. Bf6+ Kh7) 61. Rxd8 $14 {[%mdl 4096] Endgame KRR-KRN} Nc6 62. Re8 Re3 63. Rc3 Re2+ 64. Rc2 Re4 65. c5 h5 {[#]} 66. e6 ({Better is} 66. Rc8 $1 $16 {[%cal Rc8c6]} Nb4 67. Rg2) 66... Rxe6 $11 67. Rxe6 fxe6 {KR-KN} 68. Kc3 g5 69. Kd2 Kf6 70. Ke3 Ke5 71. Rd2 h4 72. Kf3 h3 73. Kg3 g4 $1 74. Kxg4 h2 $1 {[%cal Rh2h1]} 75. Rxh2 {Black must now prevent Rd2.} Kd5 76. Rc2 Nd4 77. Rc1 Kc6 78. Rc4 Nb3 79. Kf4 Nxc5 80. Ke5 Kb5 81. Rc2 Kb4 82. Kd6 Nb3 83. Rc8 Na5 84. Kxe6 Nc4 85. Rc7 Kb5 86. Kd5 Nb6+ 87. Kd4 Kb4 88. Rc2 Kb5 89. Rc1 Nd7 90. Rb1+ Kc6 91. Rb2 Nb6 92. Rb1 Nd7 93. Ke4 Kd6 {The position is equal.} 94. Rb5 Kc6 95. Rf5 Kd6 96. Kd4 Ke6 97. Rb5 Kd6 98. Rd5+ Ke6 99. Ra5 Nf6 100. Ra6+ Kf5 101. Rc6 Nd7 102. Rd6 Nf6 103. Rxf6+ Kxf6 {Accuracy: White = 60%, Black = 54%.} 1/2-1/2

[Event "12th KIIT International 2019"]
[Site "Odisha"]
[Date "2019.06.04"]
[Round "7.9"]
[White "Deshmukh, Anup"]
[Black "Burmakin, Vladimir"]
[Result "1/2-1/2"]
[WhiteElo "2229"]
[BlackElo "2526"]
[Annotator "RC"]
[PlyCount "83"]
[EventDate "2019.05.31"]
[EventType "swiss"]
[EventCountry "IND"]
[SourceTitle "playchess.com"]
[Source "ChessBase"]
[SourceQuality "1"]
[TimeControl "5400+30"]

1. c4 {[%emt 0:00:00]} c6 {[%emt 0:00:00]} 2. Nf3 {[%emt 0:01:57]} Nf6 {[%emt 0:00:45]} 3. b3 {[%emt 0:03:28]} d5 {[%emt 0:00:28]} 4. Bb2 {[%emt 0:00:20]} Bf5 {[%emt 0:01:07]} 5. d3 {[%emt 0:00:56]} e6 {[%emt 0:00:44]} 6. Nbd2 {[%emt 0:00:16]} h6 {[%emt 0:05:54]} 7. g3 {[%emt 0:02:05]} Be7 {[%emt 0:00:12]} 8. Bg2 {[%emt 0:00:08]} O-O {[%emt 0:00:08]} 9. O-O {[%emt 0:00:06]} a5 {[%emt 0:00:06]} 10. Re1 {[%emt 0:01:29]} Bh7 {[%emt 0:00:42]} 11. Rc1 {[%emt 0:05:01]} a4 {[%emt 0:09:52]} 12. bxa4 {[%emt 0:11:02]} Qa5 {[%emt 0:00:04]} 13. Rb1 {[%emt 0:01:50]} Qxa4 {[%emt 0:01:36]} 14. Qxa4 {[%emt 0:05:53]} Rxa4 {[%emt 0:00:03]} 15. Bc3 {[%emt 0:01:26]} dxc4 {[%emt 0:04:26]} 16. Rxb7 {[%emt 0:08:46]} Nd5 {[%emt 0:16:21]} 17. Be5 {[%emt 0:09:13]} c3 {[%emt 0:00:22]} 18. Nb3 {[%emt 0:10:25]} Rb4 {[%emt 0:03:29]} 19. Ra7 {[%emt 0:04:17]} c5 {[%emt 0:07:03]} 20. Bxb8 {[%emt 0:07:09]} Rbxb8 {[%emt 0:00:32]} 21. Ne5 {[%emt 0:03:53]} Bf6 {[%emt 0:14:04]} 22. Nd7 {[%emt 0:01:58]} Ra8 {[%emt 0:01:15]} 23. Nxf6+ {[%emt 0:02:50]} gxf6 {[%emt 0:00:06]} 24. Rxa8 {[%emt 0:03:14]} Rxa8 {[%emt 0:00:01]} 25. Ra1 {[%emt 0:07:11]} Ra3 {[%emt 0:05:21]} 26. Bxd5 {[%emt 0:01:17]} exd5 {[%emt 0:00:11]} 27. Nxc5 {[%emt 0:00:38]} d4 {[%emt 0:00:24]} 28. Nb3 {[%emt 0:01:05]} Ra4 {[%emt 0:00:17]} 29. g4 {[%emt 0:02:54]} f5 {[%emt 0:00:02]} 30. h3 {[%emt 0:00:12]} fxg4 {[%emt 0:00:26]} 31. hxg4 {[%emt 0:00:01]} f5 {[%emt 0:00:07]} 32. f3 {[%emt 0:00:46]} fxg4 {[%emt 0:00:08]} 33. fxg4 {[%emt 0:00:02]} Bg6 {[%emt 0:01:27]} 34. Kf2 {[%emt 0:00:43]} Bf7 {[%emt 0:00:04]} 35. Rc1 {[%emt 0:00:18]} Kg7 {[%emt 0:04:14]} 36. Kf3 {[%emt 0:00:55]} Bd5+ {[%emt 0:00:51]} 37. Kf4 {[%emt 0:00:38]} Kf6 {[%emt 0:00:07]} 38. e3 {[%emt 0:02:10]} dxe3+ {[%emt 0:01:13]} 39. Kxe3 {[%emt 0:00:02]} Rxa2 {[%emt 0:00:21]} 40. Nd4 {[%emt 0:00:44]} Rg2 {[%emt 0:00:34]} 41. Ne2 {[%emt 0:00:59]} Rxg4 {[%emt 0:00:55]} 42. Nxc3 {[%emt 0:00:23]} 1/2-1/2

[Event "12th KIIT International 2019"]
[Site "Odisha"]
[Date "2019.06.04"]
[Round "7.10"]
[White "Nguyen, Van Huy"]
[Black "Senthil Maran K"]
[Result "1/2-1/2"]
[WhiteElo "2456"]
[BlackElo "2187"]
[Annotator "TA"]
[PlyCount "116"]
[EventDate "2019.05.31"]
[EventType "swiss"]
[EventCountry "IND"]
[SourceTitle "playchess.com"]
[Source "ChessBase"]
[SourceQuality "1"]

{[%evp 19,116,0,0,0,0,0,0,0,19,33,27,0,0,0,0,0,0,-68,-38,-80,0,-129,82,58,76,79,57,34,118,41,56,61,70,35,94,0,54,18,27,27,27,0,5,0,0,0,0,0,0,-20,-15,-22,-4,-4,-2,-5,0,-52,-41,-64,-24,-7,-8,-40,-8,-32,-10,-12,-12,-18,-4,-4,-4,-4,-4,-21,-5,-8,-4,-11,0,-8,-8,-8,-8,-8,-8,-8,-8,-8,-8,-62,-62,-68,-12,-27,-34,-33,-33]} 1. d4 Nf6 2. c4 c6 3. Nc3 d5 4. Nf3 e6 5. Bg5 h6 6. Bxf6 Qxf6 7. Qc2 Nd7 8. e4 dxe4 9. Qxe4 g6 10. Bd3 Bg7 11. O-O {D43: Semi-Slav: 5 Bg5 h6} O-O 12. Rfe1 c5 {[%cal Rc5d4]} 13. d5 {[%cal Rd5e6] The position is equal.} e5 14. Rad1 Qb6 $146 ({Predecessor:} 14... a6 15. Qg4 Qb6 16. d6 Nf6 17. Qh4 Qxb2 18. Rc1 g5 19. Nxg5 hxg5 20. Qxg5 {1-0 (40) Itkis,B (2460)-Miroshnichenko,E (2455) Bucharest 1998}) 15. d6 Qxd6 16. Bc2 Qe7 17. Nd5 Qd8 18. Ba4 (18. Nc3 $11) 18... f5 $15 19. Qh4 g5 (19... Qxh4 $1 $17 20. Nxh4 Nb6 {[%mdl 64] Double Attack}) 20. Qh5 (20. Qg3 $11 {was the only way to keep the balance.}) 20... g4 $2 (20... e4 $17 {Strongly threatening ...Nf6.} 21. Qg6 Nb6) 21. Bxd7 gxf3 22. Bxc8 Rxc8 23. gxf3 Kh7 {[#]} ({Better is} 23... Qe8 $14 24. Qh4 Kh7) 24. Kh1 (24. Ne3 $1 $16 Qe8 25. Qxe8 Rcxe8 26. Rd7) 24... Qe8 $1 $14 {[%cal Re8h5]} 25. Qh3 Qf7 26. Rg1 e4 {[#]} (26... Rc6 $1 $14) 27. b3 (27. Nf4 $1 $16) 27... Rc6 (27... Bd4 $11) 28. Rg2 (28. Qg2 $5 {[%cal Rf3e4]}) 28... Rg6 29. Rxg6 Qxg6 30. Rg1 (30. Nf4 $5 {[%cal Rf4g6]} Qe8 31. Rg1 $11) 30... Qf7 31. Re1 Bd4 32. Qh4 Rg8 33. fxe4 {aiming for e5.} Rg4 $36 {[%mdl 2048] Black has good play.} 34. Qh3 {e5 is the strong threat.} Bxf2 35. Rf1 Qg6 {( -> ...Rg1+)} 36. Nf6+ $1 Qxf6 37. Rxf2 $11 {[%mdl 4096] Endgame Threatens to win with Qxg4! KQR-KQR} Qd4 38. Qf3 (38. exf5 $11 Qxf2 39. Qxg4) 38... Qxe4 $15 39. h3 Rg3 (39... Rg7 {with more complications.} 40. Qxe4 fxe4 41. Rf6 Rd7 42. Kg1 Rd2) 40. Qxe4 fxe4 $11 {KR-KR} 41. Kh2 Rg7 (41... Rf3 {seems wilder.} 42. Re2 b6 43. Kg2 Rd3 44. Rxe4 Rd2+) 42. Rf5 Re7 {Black wants to play ...Kg6.} 43. Kg2 b6 44. Kf2 Kg6 45. Rd5 e3+ 46. Ke2 Re6 47. a3 a5 48. h4 Kf6 49. h5 Kg7 50. b4 axb4 51. axb4 cxb4 52. Rb5 Kf6 53. Rxb4 Kg5 54. Rb5+ Kg4 55. c5 (55. Rd5 $1 $11) 55... bxc5 $15 56. Rxc5 Re4 (56... Kf4 $1 $15) 57. Ra5 Kf4 58. Ra6 Kg5 {Accuracy: White = 42%, Black = 44%.} 1/2-1/2